| 000 | 01258cam a2200337 a 4500 | ||
|---|---|---|---|
| 999 |
_c126788 _d126788 |
||
| 001 | 4944483 | ||
| 003 | ARRUPE | ||
| 005 | 20170825094555.0 | ||
| 008 | 960605s1996 pauab b 001 0 eng | ||
| 010 | _a 96025802 | ||
| 020 | _a0812233395 (cloth : acidfree paper) | ||
| 020 | _a0812215745 (pbk. : acidfree paper) | ||
| 040 |
_aDLC _cDLC _dDLC |
||
| 050 | 0 | 0 |
_aGN799.W66 _bG45 1996 |
| 082 | 0 | 0 |
_a305.4/09/01 _220 |
| 245 | 0 | 0 |
_aGender and archaeology / _cedited by Rita P. Wright. |
| 260 |
_aPhiladelphia : _bUniversity of Pennsylvania Press, _cc1996. |
||
| 300 |
_axii, 296 p. : _c24 cm. |
||
| 504 | _aIncludes bibliographical references and indexes. | ||
| 650 | 0 |
_aWomen, Prehistoric. _935264 |
|
| 650 | 0 |
_aWomen _xHistory. _935265 |
|
| 650 | 0 |
_aCivilization, Ancient. _928896 |
|
| 650 | 0 |
_aGender identity _xResearch. _935266 |
|
| 650 | 0 |
_aSex role _xResearch. _935267 |
|
| 650 | 0 |
_aFeminist archaeology. _935268 |
|
| 700 | 1 |
_aWright, Rita P. _935269 |
|
| 906 |
_a7 _bcbc _corignew _d1 _eocip _f19 _gy-gencatlg |
||
| 942 |
_2lcc _cMONOGRAPH |
||